000
00280nam a22001337a 4500
008
210426b ||||| |||| 00| 0 eng d
041
_a
eng
080
_a
574
082
_a
574
100
_a
9
101
_a
MJE
245
_a
Breaking New Ground
_c
Rhoades,R.E
942
_2
udc
_c
BK
999
_c
56747
_d
56747